00989aab a2200193 4500001001000000003001000010005001700020008004100037040001900078245005300097246004400150300007700194520035500271650002600626773010600652942000800758945001200766999001700778768714001CO-MdFUSB20250726113944.0250726t1992 ag ||||| |||| 00| 0 spa d bspacCO-MdFUSB10aCarta a las comunidades indígenas y cristianas aEvangélicos ante el Quinto Centenario aVolumen 11, número 2 (abril - Junio, 1992), páginas 30 - 31c; 27 cm aEl presente documento fue redactado por un grupo de misioneros, pastores y profesores evangélicos de Colombia, Ecuador, Perú, Venezuela y los Estados Unidos. La ocasión es que se redactó fue la celebración del curso de Licenciatura y Posgrado del Seminario Teológico Bautista Internacional de Cali, Colombia, del 3 al 20 de junio de 1990. 0aEvangelización93620 tIglesia y Misión049402959656gVolumen 11, número 2 (abril - Junio, 1992), 30 - 31qpáginas 30 cANA aJTF-925 c51963d51963